Μαριάννα Βερέμη : Νηρηίδες.
Αποθηκεύτηκε σε:
| Κύριος συγγραφέας: | |
|---|---|
| Μορφή: | Βιβλίο |
| Γλώσσα: | Greek |
| Δημοσίευση: |
[Αθήνα] :
Νηρέας,
2009.
|
| Θέματα: | |
| Ετικέτες: |
Προσθήκη ετικέτας
Δεν υπάρχουν, Καταχωρήστε ετικέτα πρώτοι!
|
MARC
| LEADER | 00000cam a2200000 a 4500 | ||
|---|---|---|---|
| 001 | 1/111387 | ||
| 008 | 160720s2009####gr | ||| |||| ||gre|| | ||
| 040 | |a GR-MyUa |b gre |c GR-MyUa |e AACR2 | ||
| 041 | 0 | |a gre | |
| 082 | 7 | |a 700.92 |2 (23) | |
| 100 | 1 | |a Βερέμη, Μαριάννα. | |
| 245 | 1 | 0 | |a Μαριάννα Βερέμη : |b Νηρηίδες. |
| 260 | |a [Αθήνα] : |b Νηρέας, |c 2009. | ||
| 300 | |a [12] φύλλα : |b εικ. ; |c 22 εκ. | ||
| 500 | |a Κατάλογος έκθεσης: Γκαλερί Σκουφά, 10-28 Φεβ 2009. | ||
| 600 | 1 | 7 | |2 nlgaf |a Βερέμη, Μαριάννα |v Exhibitions. |
| 852 | |a INST |b SYROS |e 20160720 |h 700.92 ΒΕΡ |p 005500012673 |q 005500012673 |t BK |y 0 | ||
| 970 | |a Κοντού |b Παρασκευή |z 20/07/2016 | ||